000
00326nam a2200145Ia 4500
100
_a
Singhal/ Shivaratri
942
_c
BK
654
_a
operating sytems
245
_a
Advanced concepts in operating system
260
_b
Tata Mc Graw hill
_c
1994
082
_a
5.43
_b
SIN
300
_a
522
546
_a
ENGLISH
999
_c
19037
_d
19037